000
00313nam a2200133Ia 4500
008
231129s1975||||xx |||||||||||||| ||spa||
040
_b
spa
082
_a
615.7883 L118m
100
_a
Labin Suzanne
245
0
_a
El mundo de los drogados
260
_c
1975
264
_a
Circulo de Lectores
942
_2
ddc
_c
BKS
999
_c
11783
_d
11783